Normal view
MARC view
- University College London
Entry Corporate Name
001 - CONTROL NUMBER
- control field: 4748
003 - CONTROL NUMBER IDENTIFIER
- control field: OSt
005 - DATE AND TIME OF LATEST TRANSACTION
- control field: 20190806150236.0
008 - FIXED-LENGTH DATA ELEMENTS
- fixed length control field: 050701n| aaannaabn |n ana d
040 ## - CATALOGING SOURCE
- Original cataloging agency: OSt
- Transcribing agency: OSt
110 ## - HEADING--CORPORATE NAME
- Corporate name or jurisdiction name as entry element: University College London
- Subordinate unit: Department of Photogrammetry and Surveying
410 ## - SEE FROM TRACING--CORPORATE NAME
- Corporate name or jurisdiction name as entry element: Department of Photogrammetry and Surveying
410 ## - SEE FROM TRACING--CORPORATE NAME
- Corporate name or jurisdiction name as entry element: UCL
- Subordinate unit: Department of Photogrammetry and Surveying
670 ## - SOURCE DATA FOUND
- Source citation: Fifty years of photogrammetry and surveying at University College London 1947-1997, 1997